Οδοιπορικό : Σμύρνη, Ιούνιος 1920 - Νικομήδεια, Ιανουάριος 1921

Saved in:
Bibliographic Details
Main Author: Κεφαλογιάννης, Δημήτριος, 1899-1922
Other Authors: Σβολόπουλος, Κωνσταντίνος Δ. (Author of introduction, etc.)
Format: Book
Language:Greek
Published: Αθήνα : Εστία, 2005
Edition:2η έκδ.
Series:Μαρτυρίες (Εστία)
Subjects:
Tags: Add Tag
No Tags, Be the first to tag this record!

MARC

LEADER 00000cam a2200000 i 4500
001 1/79036
008 080327s2005 gre d
020 |a 960-05-1174-8 
035 |l 10095866 
040 |a GR-MY-UA  |b gre  |e aacr 
041 0 |a gre 
082 0 |a 889.34  |2 (22) 
100 1 |a Κεφαλογιάννης, Δημήτριος,   |d 1899-1922. 
245 1 0 |a Οδοιπορικό :  |b Σμύρνη, Ιούνιος 1920 - Νικομήδεια, Ιανουάριος 1921 /  |c Δημήτριος Κεφαλογιάννης ; εισαγωγή Κωνσταντίνος Σβολόπουλος 
250 |a 2η έκδ. 
260 |a Αθήνα :   |b Εστία,   |c 2005 
300 |a 147 σ.;  |b εικ., πίν., 1 χάρτης;  |c 20 εκ. 
490 1 |a (Μαρτυρίες / Εστία) 
504 |a Ευρετήρια: σ. 145-147 
650 0 0 |a Greco-Turkish War, 1921-1922  |x Personal narratives, Greek. 
700 1 |4 aui  |a Σβολόπουλος, Κωνσταντίνος Δ. 
830 0 |a Μαρτυρίες (Εστία) 
852 |a INST  |b LESVOS  |e 20080327  |h 889.34 ΚΕΦ  |p 005100039453  |q 005100039453  |t BK  |y 0 
901 |a BIBL1-2008-1 
922 |a 1ΕΛΗ  |b 200711  |c ΕΠΕΑΕΚ2/ΤΚΑ  |d Σ. ΠΑΤΑΚΗΣ 
970 |a ΚΑΡΑ  |b ΓΙΑΣΕΜΗ  |z 2008/03/27